LEADER 00856nam a2200193 i 4500 001 000000206603 003 CaOOAMICUS 005 20111010000000.0 008 111010s1809 it u000 u ita u 013 $a185375 026 $aTERI ree; nosi InCo (3) 1809 (R) 040 $aSeMil$bita 245 10$aVol. 10. 300 $a265, [7] p. + 1 avviso editoriale (1 cartiglio). 500 $aL'avviso editoriale contiene le condizioni di associazione e il prezzo. - Contiene la traduzione dei libri VII-IX dell'Eneide con il testo latino a fronte. 773 0 $aAlfieri, Vittorio <1749-1803>$tOpere postume di Vittorio Alfieri volume 1. [-22.].$dBrescia : Per Nicolò Bettoni, 1809-1810.$g10$w()25532 850 $aSeMil 852 $aSeMil$W1$xVenegono$y1$m1M VI 23 FA$j157071$B157071$CSeMilBibl$Z2$F168383 $8I 996 $6245$aVol. 10$9(OLS)http://semarc/title/111150 LEADER 01078nam a2200229 i 4500 001 000000073206 003 CaOOAMICUS 005 20090521000000.0 008 090521s1966 fr u000 u mul u 013 $a44378 040 $aSeMil$bita 100 1 $aGlorieux, Palémon,$d<1892-1979>.$0(OLS)http://semarc/name/1141 245 10$aRobert de Sorbon :$bl'homme, le collège, les documents /$cpar P. Glorieux. 260 $aParis :$bJ. Vrin,$c1966. 300 $a345 p. ;$c25 cm. 490 0 $aÉtudes de philosophie médiévale ;$v53. 773 0 $aGlorieux, Palémon <1892-1979>$tAux origines de la Sorbonne.$dParis : Librairie Philosophique J. Vrin, 1965-1966.$kÉtudes de philosophie médiévale$g1$w()21378 830 0$aÉtudes de philosophie médiévale ;$v53.$0(OLS)http://semarc/title/8154 850 $aSeMil 852 $aSeMil$W1$xVenegono$y1$m2Q IV 103$j39358$B39358$CSeMilBibl$Z2$F39362 $81 996 $6245$aRobert de Sorbon :$bl'homme, le collège, les documents$9(OLS)http://semarc/title/118189 996 $6260$aParis :$bJ. Vrin$9(OLS)http://semarc/publisher/30215